Người Mỹ và "Con nhím thép" Điện Biên Phủ /

Bewaard in:
Bibliografische gegevens
Hoofdauteur: Phùng Đức Thắng
Formaat: Artikel
Taal:Vietnamese
Onderwerpen:
Tags: Voeg label toe
Geen labels, Wees de eerste die dit record labelt!
Thư viện lưu trữ: Thư viện Trường Đại học Đà Lạt
LEADER 00766nam a2200265 4500
001 DLU050049687
040 # # |a DLU  |b vie 
041 # # |a vie 
044 # # |a vn 
100 # # |a Phùng Đức Thắng 
245 # # |a Người Mỹ và "Con nhím thép" Điện Biên Phủ /  |c Phùng Đức Thắng 
653 # # |a Chiến lược toàn cầu 
653 # # |a Lịch sử dân tộc 
773 # # |t Tạp chí Khoa học Xã hội Việt Nam  |g Số 4, 2004, tr.77-83 
920 # # |a Phòng Tạp chí -- Trung tâm Thông tin - Thư viện Trường Đại học Đà Lạt 
933 # # |a CP 
994 # # |a DLU 
900 # # |a True 
911 # # |a Nguyễn Thị Yên 
925 # # |a G 
926 # # |a A 
927 # # |a BB 
980 # # |a Thư viện Trường Đại học Đà Lạt